00265nam a2200109Ia 4500008004100000100002700041245003400068260001700102650001200119942000700131999001700138190216s9999||||xx |||||||||||||| ||und|| aVelayudhan Panikkaseri 0aPathinayiram Pazham Chollugal bNbs Kottayam aPadanam cBK c25562d25562